| 000 | 00000nas##2200000za#4500 |
| 001 | 9.509556 |
| 003 | CaOODSP |
| 005 | 20200325130657 |
| 007 | ta |
| 008 | 150406c1991||||xxc|| m #||||f| |0eng|d |
| 022 | |a0706-4152 |
| 040 | |aCaOODSP|beng |
| 041 | |aeng |
| 041 | |afre |
| 043 | |an-cn--- |
| 086 | 1 |aCH57-3/1 |
| 110 | 1 |aCanada.|bCanadian Heritage. |bCanadian Conservation Institute. |
| 245 | 10|aTechnical bulletin |
| 260 | |aOttawa - Ontario : |bCanadian Heritage. |c1975--. |
| 310 | |aIrregular |
| 362 | 1 |aNo. 3 -- |
| 563 | |aSoftcover |
| 775 | 08|tBulletin technique |w(CaOODSP)9.513182 |
| 775 | 08|tTechnical bulletin |w(CaOODSP)9.514834 |
| 792 | |tBulletin technique |efre|w(CaOODSP)9.509557 |